000 00894nam a2200205 a 4500
008 150812s1992 ||||||||||||||||| || u
020 _a9780133371895
050 _aQP 34.5 Mar
100 _aMartini, Frederic
245 1 0 _aFundamentals of anatomy and physiology.(2nd ed.)
_cby Frederic Martini
250 _a2nd ed.
260 _aNew Jersey
_bPrentice Hall
_c1992
300 _avii, 623p.
350 _a84.99
650 0 _aBIOLOGY
650 _aHUMAN PHYSIOLOGY--TEXTBOOK
650 _aHUMAN ANATOMY--TEXTBOOK
995 _aMEDICAL LIBRARY OPEN ACCESS
_e903059
_FCBU-SCHOOL OF MEDICINE LIBRARY (Ndola)
_I84.99
_jQP 34.5 Mar
_M2
_UAVAILABLE
_WSep 7, 2015
_y903059
_ZMedical Library Open Access Collection
995 _aMICHAEL CHILUFYA SATA OPEN ACCESS
_e903058
_FCBU-SCHOOL OF MEDICINE LIBRARY (Ndola)
_I84.99
_jQP 34.5 Mar
_M1
_UAVAILABLE
_WSep 7, 2015
_y903058
_ZMedical Library Open Access Collection
999 _c63883
_d63883